[Event "Berlin-ch QT"]
[Site "Berlin"]
[Date "2015.04.03"]
[Round "1"]
[White "Weber, Erwin"]
[Black "Bauer, Stefan"]
[Result "1-0"]
[WhiteElo "2070"]
[BlackElo "1660"]
[PlyCount "105"]
[EventDate "2015.04.03"]
[EventType "swiss"]
[EventRounds "9"]
[EventCountry "GER"]
[SourceTitle "EXT 2022"]
[Source "ChessBase"]
[SourceDate "2021.10.06"]
[SourceVersion "1"]
[SourceVersionDate "2021.10.06"]
[SourceQuality "1"]

1. Nf3 Nf6 2. d4 d5 3. e3 c6 4. c4 a6 5. Nc3 Bg4 6. Qb3 Bc8 7. cxd5 Nxd5 8. e4 Nxc3 9. bxc3 h6 10. Ba3 b5 11. Rd1 a5 12. d5 a4 13. Qb2 Qc7 14. dxc6 Nxc6 15. Bxb5 Bd7 16. Rxd7 Qxd7 17. Nd4 Rc8 18. Bxc6 Rxc6 19. Nxc6 Qxc6 20. Qb8+ Kd7 21. 0-0 Ke6 22. Qf4 f6 23. e5 g5 24. Qg4+ f5 25. Qh5 Rg8 26. Qe2 g4 27. Qe3 h5 28. Rb1 Kf7 29. Rb6 Qd5 30. e6+ Kg6 31. Qe2 Qa5 32. Rb5 Qxc3 33. Bb2 Qc6 34. Rb8 Qd5 35. Ba3 Kh7 36. Rb5 Qe4 37. Qxe4 fxe4 38. Rxh5+ Kg6 39. Re5 Bg7 40. Rxe4 Kf5 41. Rxa4 Rd8 42. g3 Rd1+ 43. Kg2 Kxe6 44. Rxg4 Bf6 45. Bc5 Rd2 46. a4 Kd5 47. Be3 Ra2 48. h4 e5 49. Rg6 Bd8 50. Ra6 Ke4 51. h5 Kf5 52. h6 Rc2 53. h7 1-0

[Event "Berlin-ch Seniors op 31st"]
[Site "Berlin"]
[Date "2015.02.07"]
[Round "9"]
[White "Willin, Bernhard"]
[Black "Bauer, Stefan"]
[Result "1-0"]
[WhiteElo "1752"]
[BlackElo "1500"]
[PlyCount "79"]
[EventDate "2015.01.29"]
[EventType "swiss"]
[EventRounds "9"]
[EventCountry "GER"]
[SourceTitle "EXT 2018"]
[Source "ChessBase"]
[SourceDate "2017.10.13"]
[SourceVersion "1"]
[SourceVersionDate "2017.10.13"]
[SourceQuality "1"]

1. d4 Nf6 2. c4 e6 3. Nf3 c5 4. e3 d5 5. Be2 a6 6. 0-0 dxc4 7. a4 Bd7 8. Bxc4 Nc6 9. Nc3 Rc8 10. Qe2 Be7 11. Rd1 Qb6 12. d5 Nd8 13. e4 exd5 14. exd5 Qd6 15. Ne5 0-0 16. Bf4 h6 17. Ng6 fxg6 18. Bxd6 Bxd6 19. h3 Nf7 20. Qc2 Ne5 21. Bf1 Bf5 22. Qd2 Bxh3 23. f4 Nfg4 24. fxe5 Nxe5 25. Ne4 Bb8 26. d6 Be6 27. Be2 c4 28. Rf1 Ba7+ 29. Kh1 Rf5 30. Rxf5 gxf5 31. Nc3 Rf8 32. Rd1 f4 33. Nd5 Kh8 34. Nxf4 Bd7 35. Rf1 Bc6 36. Qc3 Re8 37. Bh5 Rf8 38. Qxe5 Rf6 39. Ng6+ Kh7 40. Rxf6 1-0

[Event "Berlin-ch Seniors op 30th"]
[Site "Berlin"]
[Date "2014.02.03"]
[Round "5"]
[White "Garms, Ilse"]
[Black "Bauer, Stefan"]
[Result "1-0"]
[WhiteElo "1610"]
[BlackElo "1405"]
[PlyCount "149"]
[EventDate "2014.01.30"]
[EventType "swiss"]
[EventRounds "9"]
[EventCountry "GER"]
[SourceTitle "EXT 2018"]
[Source "ChessBase"]
[SourceDate "2017.10.13"]
[SourceVersion "1"]
[SourceVersionDate "2017.10.13"]
[SourceQuality "1"]

1. d4 Nf6 2. Nf3 e6 3. e3 d5 4. Bd3 Bd6 5. Nbd2 0-0 6. 0-0 Nc6 7. a3 Ne7 8. Re1 Ng6 9. c3 Ng4 10. h3 Nh6 11. e4 Nf4 12. Bf1 Ng6 13. e5 Be7 14. Nh2 f5 15. Ndf3 f4 16. Bd3 Nh4 17. Qc2 g6 18. Bd2 Rf7 19. c4 c6 20. Re2 Bd7 21. Kh1 Rc8 22. Rg1 b5 23. c5 g5 24. Qc1 Nxf3 25. Nxf3 Qf8 26. Nh2 Kh8 27. f3 Qg7 28. g3 Qf8 29. gxf4 gxf4 30. Ng4 Ng8 31. Reg2 Bh4 32. Be1 Bxe1 33. Qxe1 Qd8 34. Nh2 Nh6 35. Rg5 Qe7 36. Qh4 Nf5 37. Bxf5 exf5 38. Qxf4 Be6 39. Nf1 h6 40. Rh5 Rh7 41. Rxh6 Rf8 42. Rgg6 Bg8 43. Rxc6 Qb7 44. b4 Qg7 45. Rcg6 Qe7 46. e6 Rxh6 47. Rxh6+ Bh7 48. Qe5+ Kg8 49. Qxd5 Kg7 50. Rh5 Bg6 51. Qe5+ Rf6 52. Ng3 Kg8 53. Nxf5 Qxe6 54. Qxe6+ Rxe6 55. Rg5 Kh7 56. Nd6 a6 57. Re5 Rf6 58. Kg2 Rf4 59. Ne4 Kh6 60. Kg3 Rf8 61. f4 Rd8 62. Nd6 Rg8 63. Rg5 Rg7 64. h4 Re7 65. Re5 Rg7 66. Kf3 Kh7 67. d5 Bc2 68. c6 Bd1+ 69. Ke4 Rc7 70. Ne8 Bc2+ 71. Kd4 Rf7 72. Kc5 Rxf4 73. c7 Rc4+ 74. Kb6 Bg6 75. Nd6 1-0

[Event "Berlin-ch Seniors op 30th"]
[Site "Berlin"]
[Date "2014.01.30"]
[Round "1"]
[White "Oppermann, Peter"]
[Black "Bauer, Stefan"]
[Result "1-0"]
[WhiteElo "1789"]
[BlackElo "1405"]
[PlyCount "65"]
[EventDate "2014.01.30"]
[EventType "swiss"]
[EventRounds "9"]
[EventCountry "GER"]
[SourceTitle "EXT 2018"]
[Source "ChessBase"]
[SourceDate "2017.10.13"]
[SourceVersion "1"]
[SourceVersionDate "2017.10.13"]
[SourceQuality "1"]

1. d4 Nf6 2. Nf3 g6 3. c4 c5 4. d5 d6 5. Nc3 a6 6. e4 Nbd7 7. Be2 Bg7 8. 0-0 0-0 9. Nd2 e5 10. dxe6 fxe6 11. f4 h5 12. Nf3 Qe7 13. h3 Nh7 14. Be3 b6 15. Qd2 Ndf6 16. Rad1 Ne8 17. e5 dxe5 18. Nxe5 Bxe5 19. fxe5 Rxf1+ 20. Rxf1 Bb7 21. Qc2 Qg7 22. Bd3 Qxe5 23. Bf4 Qg7 24. Bxg6 Nf8 25. Bxh5 Nf6 26. Bf3 Bxf3 27. Rxf3 Kh8 28. Be5 N8h7 29. Ne4 Rf8 30. Qf2 Qh6 31. Nxf6 Qc1+ 32. Kh2 Qg5 33. Nd7+ 1-0

[Event "Berlin Lichtenberger op 10th"]
[Site "Berlin"]
[Date "2011.08.18"]
[Round "6"]
[White "Kitzler, Gerhard"]
[Black "Bauer, Stefan"]
[Result "0-1"]
[WhiteElo "1588"]
[BlackElo "1684"]
[PlyCount "102"]
[EventDate "2011.08.13"]
[EventType "swiss"]
[EventRounds "9"]
[EventCountry "GER"]
[SourceTitle "CBM 143 Extra"]
[Source "ChessBase"]
[SourceDate "2011.08.29"]
[SourceVersion "1"]
[SourceVersionDate "2011.08.29"]
[SourceQuality "1"]

1. e4 c5 2. Nf3 d6 3. d4 cxd4 4. Nxd4 Nf6 5. Nc3 a6 6. Be2 g6 7. Be3 Bg7 8. Qd2 h6 9. 0-0 Nbd7 10. f3 e5 11. Nb3 Qe7 12. Nd5 Nxd5 13. Qxd5 0-0 14. Rad1 g5 15. Qd2 Kh7 16. Bd3 Rg8 17. Bc4 Bf8 18. Na5 Nf6 19. g4 Be6 20. Bxe6 fxe6 21. Nxb7 Qxb7 22. b3 Rg7 23. c4 Rd7 24. h4 gxh4 25. Kf2 Rf7 26. Kg1 Ng8 27. Kh2 Bg7 28. Kh3 Raf8 29. Qg2 Bf6 30. Rf2 Bg5 31. Bxg5 hxg5 32. Rdf1 Rf4 33. Kh2 Qa7 34. Rd2 Qe7 35. Rdf2 Qf6 36. Qh3 Ne7 37. Qg2 Kg7 38. Kh3 Nc6 39. Qh1 Nd4 40. Qg2 a5 41. Qh1 Qe7 42. Qg2 Qc7 43. Qh1 Qc5 44. Qg2 Ra8 45. Rb2 Qb4 46. Qf2 Raf8 47. Qg2 Rxf3+ 48. Rxf3 Rxf3+ 49. Kh2 Qe1 50. Rd2 Rg3 51. Qf2 Nf3+ 0-1

[Event "Berlin-ch Seniors op 27th"]
[Site "Berlin"]
[Date "2011.02.04"]
[Round "7"]
[White "Bauer, Stefan"]
[Black "Windmueller, Werner"]
[Result "1-0"]
[WhiteElo "1417"]
[BlackElo "1617"]
[PlyCount "107"]
[EventDate "2011.01.29"]
[EventType "swiss"]
[EventRounds "9"]
[EventCountry "GER"]
[SourceTitle "EXT 2012"]
[Source "ChessBase"]
[SourceDate "2011.11.24"]
[SourceVersion "1"]
[SourceVersionDate "2011.11.24"]
[SourceQuality "1"]

1. Nf3 d5 2. d4 h6 3. Nbd2 Nf6 4. g3 Nbd7 5. Bg2 e6 6. 0-0 Bd6 7. c4 c6 8. c5 Bc7 9. b4 b6 10. Nb3 bxc5 11. dxc5 Rb8 12. a3 0-0 13. Nbd4 Bb7 14. Qa4 Rc8 15. Qxa7 Ba8 16. Qa4 Re8 17. Bh3 g5 18. Bg2 Ne4 19. Bb2 f6 20. Qc2 Kf7 21. e3 f5 22. Ne1 Ne5 23. f3 Nf6 24. f4 Nc4 25. Bc1 g4 26. Nd3 Bb7 27. Re1 Ra8 28. a4 Rg8 29. Nf2 Qe8 30. Bf1 h5 31. Bxc4 dxc4 32. Qxc4 h4 33. Nxf5 hxg3 34. Nxg3 Ba6 35. Qc3 Nd5 36. Qc2 Rd8 37. Qb2 Rb8 38. Bd2 Nxb4 39. Bxb4 Ba5 40. Nfe4 Qe7 41. Nd6+ Kf8 42. Qe5 Rxb4 43. Reb1 Bd3 44. Rxb4 Bxb4 45. Qd4 Bxc5 46. Qxc5 Rh8 47. Qxc6 Qa7 48. Re1 Qa5 49. Qe8+ Kg7 50. Qf7+ Kh6 51. Qxe6+ Kh7 52. Rc1 Rb8 53. f5 Rb1 54. Qg6+ 1-0

[Event "Berlin-ch Seniors op 27th"]
[Site "Berlin"]
[Date "2011.01.31"]
[Round "3"]
[White "Bauer, Stefan"]
[Black "Maetzing, Hans Dieter"]
[Result "0-1"]
[WhiteElo "1417"]
[BlackElo "1780"]
[PlyCount "59"]
[EventDate "2011.01.29"]
[EventType "swiss"]
[EventRounds "9"]
[EventCountry "GER"]
[SourceTitle "EXT 2012"]
[Source "ChessBase"]
[SourceDate "2011.11.24"]
[SourceVersion "1"]
[SourceVersionDate "2011.11.24"]
[SourceQuality "1"]

1. Nf3 d5 2. g3 Bg4 3. Bg2 c6 4. Ne5 Bf5 5. 0-0 Nd7 6. f4 Nxe5 7. fxe5 Qd7 8. d4 h5 9. h4 Bh3 10. Kh2 Bxg2 11. Kxg2 f6 12. Qe1 e6 13. a4 Be7 14. b4 Nh6 15. Ra3 Nf7 16. Raf3 f5 17. c3 g5 18. Rh1 0-0-0 19. Ba3 Rdg8 20. Kf2 gxh4 21. gxh4 Rg4 22. Ke3 Qd8 23. Kd2 Bxh4 24. Qd1 Ng5 25. Kc2 Nxf3 26. exf3 Rg2+ 27. Kb3 Qg5 28. Bc1 Qg3 29. f4 Qg4 30. Qf1 0-1

[Event "Berlin Lichtenberger op 9th"]
[Site "Berlin"]
[Date "2010.08.07"]
[Round "1"]
[White "Mueller, Peter2222"]
[Black "Bauer, Stefan"]
[Result "1-0"]
[WhiteElo "2013"]
[BlackElo "1684"]
[PlyCount "91"]
[EventDate "2010.08.07"]
[EventType "swiss"]
[EventRounds "9"]
[EventCountry "GER"]
[SourceTitle "CBM 137 Extra"]
[Source "ChessBase"]
[SourceDate "2010.09.01"]
[SourceVersion "1"]
[SourceVersionDate "2010.09.01"]
[SourceQuality "1"]

1. e4 c5 2. Nf3 d6 3. d4 cxd4 4. Nxd4 a6 5. Nc3 e6 6. Be2 Be7 7. Be3 Nf6 8. 0-0 0-0 9. Qe1 Nbd7 10. f4 Nc5 11. Bf3 e5 12. Nde2 Ng4 13. Bxg4 Bxg4 14. Rd1 Nd7 15. Nd5 f5 16. exf5 exf4 17. Nexf4 Bxf5 18. Bd4 Bh4 19. g3 Re8 20. Qf2 Qg5 21. Nc7 Rac8 22. Nxe8 Rxe8 23. Nh3 Bxg3 24. Nxg5 Bxf2+ 25. Rxf2 g6 26. Bc3 h6 27. Nf3 Nc5 28. Nh4 Ne4 29. Nxf5 Nxf2 30. Nxh6+ Kh7 31. Kxf2 Kxh6 32. Rxd6 Rc8 33. Rb6 Rc7 34. Bd2+ Kh5 35. c3 g5 36. Rd6 Kg4 37. Rg6 Rf7+ 38. Kg2 Rf5 39. Rxg5+ Rxg5 40. Bxg5 Kxg5 41. Kg3 b5 42. b3 a5 43. h4+ Kf5 44. Kf3 Ke5 45. h5 Kf5 46. c4 1-0

[Event "Berlin-ch Seniors op 26th"]
[Site "Berlin"]
[Date "2010.02.12"]
[Round "4"]
[White "Ollek, Karl Heinz"]
[Black "Bauer, Stefan"]
[Result "1/2-1/2"]
[WhiteElo "1611"]
[BlackElo "1488"]
[PlyCount "83"]
[EventDate "2010.02.09"]
[EventType "swiss"]
[EventRounds "9"]
[EventCountry "GER"]
[SourceTitle "EXT 2012"]
[Source "ChessBase"]
[SourceDate "2011.11.24"]
[SourceVersion "1"]
[SourceVersionDate "2011.11.24"]
[SourceQuality "1"]

1. c4 Nf6 2. Nc3 e6 3. Nf3 c5 4. e4 d6 5. g3 e5 6. Bg2 Nc6 7. 0-0 Bg4 8. h3 Bd7 9. d3 Be7 10. a3 a5 11. Nd5 Nxd5 12. exd5 Nd4 13. Nxd4 cxd4 14. Bd2 0-0 15. b4 axb4 16. Bxb4 Qc8 17. Kh2 f5 18. f4 exf4 19. Rxf4 Qc7 20. Bd2 Bf6 21. Qb3 Be5 22. Rff1 Ba4 23. Qa2 Qf7 24. Bf4 Rae8 25. Qd2 Kh8 26. Rac1 Bxf4 27. Qxf4 Qf6 28. h4 Re2 29. Kg1 h6 30. Bh3 Bd7 31. Rb1 g5 32. hxg5 hxg5 33. Qf3 Re3 34. Qh5+ Kg7 35. Rxb7 Rf7 36. Rxd7 Rxd7 37. Bxf5 Rf7 38. Kg2 Kf8 39. g4 Ke7 40. Qh2 Rf8 41. Qh7+ Rf7 42. Qh2 1/2-1/2

[Event "Berlin Eckbauer op 12th"]
[Site "Berlin"]
[Date "2009.09.28"]
[Round "3.27"]
[White "Bauer, Stefan"]
[Black "Beckmann, Sonja"]
[Result "1-0"]
[WhiteElo "1773"]
[BlackElo "1337"]
[PlyCount "65"]
[EventDate "2009.09.14"]
[EventType "swiss"]
[EventRounds "7"]
[EventCountry "GER"]
[SourceTitle "EXT 2022"]
[Source "ChessBase"]
[SourceDate "2021.10.06"]
[SourceVersion "1"]
[SourceVersionDate "2021.10.06"]
[SourceQuality "1"]

1. Nf3 f5 2. d4 Nf6 3. c4 g6 4. Nc3 Bg7 5. Bg5 0-0 6. h3 d6 7. Qd2 Qe8 8. e3 e5 9. Bxf6 Bxf6 10. Nd5 Qf7 11. Be2 e4 12. Nh2 Bg7 13. 0-0 c6 14. Nc3 Nd7 15. f3 d5 16. fxe4 dxe4 17. Nxe4 Qe7 18. Nc3 Bh6 19. Rf3 Re8 20. Nf1 Nf6 21. Bd3 Ne4 22. Bxe4 fxe4 23. Rf2 Qg5 24. Kh2 Bd7 25. Re1 Rf8 26. Nxe4 Qh4 27. Rxf8+ Rxf8 28. Nfg3 Re8 29. Nd6 Rb8 30. Rf1 g5 31. Ngf5 Qh5 32. g4 Qg6 33. Ne7+ 1-0